00471nam a22001577a 4500003001100000005001700011008004100028040003900069041000800108082001500116100002600131245005800157260006700215300000900282650002200291LK-CoMWRAF20231010134322.0230923b1982 |||||||| |||| 00| 0 eng d aLK-CoMWRAFdLK-CoMWRAFeLK-CoMWRAF aeng a297.2bABB aAbbasi, Madani S. M.  aThe Family of the holy Prophet :b[Peace be upon him] aPakistan (Karachi) :bInternational Islamic publishers,c1982 a209p aIslam-Holy family